000 00528nam a2200181Ia 4500
003 GCL
008 140319s9999 xx 000 0 ara d
040 _aGCL /
_cGCL
082 0 4 _a214.3
_bع ا
100 1 _aعبدالقادر عودة
245 1 0 _aالاسلام واوضاعنا القانونية /
_cعبدالقادر عودة
300 _a119 ص
490 _a
650 0 4 _aالاسلام
650 0 4 _aالاسلام والمجتمع
650 0 4 _aالاسلام والقانون الدولى
942 _2ddc
_cBK
999 _c42685
_d42685